Death Wish Gracie Abrams - Statistics

General Stats
  • This quiz has been taken 59 times
  • The average score is 241 of 331
Answer Stats
Answer % Correct
you
100%
a
97%
i
97%
I
97%
it
97%
the
93%
an
90%
and
90%
me
90%
my
90%
at
86%
do
86%
your
86%
as
83%
but
83%
how
83%
How
83%
love
83%
to
83%
feel
79%
in
79%
look
79%
now
79%
so
79%
til
79%
time
79%
around
76%
dont
76%
don't
76%
end
76%
knife
76%
machine
76%
of
76%
smile
76%
there's
76%
twist
76%
when
76%
while
76%
you're
76%
ask
72%
dance
72%
for
72%
give
72%
if
72%
kill
72%
long
72%
on
72%
same
72%
will
72%
not
69%
some
69%
that
69%
things
69%
built
66%
is
66%
its
66%
it's
66%
know
66%
oh
66%
or
66%
out
66%
rings
66%
someone
66%
truth
66%
well
66%
what
66%
all
62%
any
62%
burn
62%
diamond
62%
dreams
62%
im
62%
inside
62%
power
62%
sinking
62%
teenage
62%
trips
62%
anything
59%
dug
59%
from
59%
i'll
59%
light
59%
nothing
59%
poison
59%
walls
59%
with
59%
be
55%
bulletproof
55%
clue
55%
death
55%
didn't
55%
enough
55%
evergreen
55%
evil
55%
get
55%
honey
55%
howd
55%
keep
55%
million
55%
must
55%
new
55%
old
55%
people
55%
pie
55%
say
55%
through
55%
trade
55%
wish
55%
aside
52%
everything
52%
few
52%
gateway
52%
girls
52%
hate
52%
pretend
52%
suns
52%
those
52%
words
52%
drug
48%
fantasy
48%
fell
48%
freaks
48%
haunting
48%
never
48%
subtle
48%
air
45%
disposition
45%
faux
45%
poured
45%
used
45%
ash
41%
bet
41%
bridges
41%
could
41%
covers
41%
disregard
41%
floor
41%
have
41%
splintering
41%
thats
41%
breath
38%
cities
38%
eggshell
38%
empty
38%
enemies
38%
leave
38%
lonely
38%
wine
38%
away
34%
drop
34%
figured
34%
ground
34%
hand
34%
house
34%
ocean
34%
plans
34%
ruined
34%
second
34%
forcing
31%
grand
31%
our
31%
self-promotion
28%
No matching quizzes found
Score Distribution
Percent of People with Each Score
Percentile by Number Answered
Your Score History
You have not taken this quiz